Резолюция Второго краевого совещания рабочих контролеров и общественных инспекторов Северо-Кавказского края 16-18 мая 1936 г. (Запись № 7487618)

Подробности
000 -МАРКЕР
контрольное поле 01060nam0a22002291 4500
001 - ИДЕНТИФИКАТОР ЗАПИСИ
контрольное поле rc\2798983
005 - ИДЕНТИФИКАТОР ВЕРСИИ
контрольное поле 20260407170803.0
035 ## - ДРУГИЕ СИСТЕМНЫЕ НОМЕРА
Идентификатор записи (NLR Aleph) 006925015
100 ## - ДАННЫЕ ОБЩЕЙ ОБРАБОТКИ
Данные общей обработки 20110915d1936 |||y0rusy50 ca
101 0# - ЯЗЫК РЕСУРСА
Язык текста, звукозаписи и т.д. русский
102 ## - СТРАНА ПУБЛИКАЦИИ ИЛИ ПРОИЗВОДСТВА
Страна публикации Российская Федерация
105 ## - ПОЛЕ КОДИРОВАННЫХ ДАННЫХ: ТЕКСТОВЫЕ МАТЕРИАЛЫ, МОНОГРАФИЧЕСКИЕ
Кодированные данные о монографическом текстовом документе y z |||||
200 1# - ЗАГЛАВИЕ И СВЕДЕНИЯ ОБ ОТВЕТСТВЕННОСТИ
Основное заглавие Резолюция Второго краевого совещания рабочих контролеров и общественных инспекторов Северо-Кавказского края 16-18 мая 1936 г.
210 ## - ПУБЛИКАЦИЯ, РАСПРОСТРАНЕНИЕ И ДР.
Место издания, распространения и т.д. Пятигорск
Имя издателя, распространителя и т. д. Севкавведиздат
Дата издания, распространения и т.д. 1936
Имя изготовителя тип. им. Анджиевского
215 ## - ФИЗИЧЕСКАЯ ХАРАКТЕРИСТИКА
Специфическое обозначение материала и объем Обл., 8 с., без тит. л.
Размеры 14х10 см.
710 12 - НАИМЕНОВАНИЕ ОРГАНИЗАЦИИ - ПЕРВИЧНАЯ ОТВЕТСТВЕННОСТЬ
Начальный элемент ввода Северо-Кавказское краевое совещание рабочих-контролеров и общественных инспекторов
Порядковый номер временной организации и / или порядковый номер ее части 2
Дата проведения временной организации 1936
Место проведения временной организации Пятигорск
Идентификатор авторитетной/нормативной записи RU\NLR\AUTH\8810106853
Системный номер авторитетной/нормативной записи 713899
801 #0 - ИСТОЧНИК ЗАПИСИ
Страна Российская Федерация
Организация NLR
Правила каталогизации psbo
801 #1 - ИСТОЧНИК ЗАПИСИ
Страна Российская Федерация
Организация ELAR
Источник данных rusmarc
852 ## - МЕСТОНАХОЖДЕНИЕ И ШИФР ХРАНЕНИЯ
Идентификатор организации NLR
Шифр хранения (Call Number) 36-8/906
942 ## - ДОПОЛНИТЕЛЬНЫЕ ЭЛЕМЕНТЫ ЗАПИСИ (АБИС)
Тип экземпляра АБИС Книга
980 ## - КОЛЛЕКЦИЯ
Название коллекции Национальная библиография
Экземпляры
Тип экземпляра Дата поступления Библиотека постоянного хранения Библиотека текущего хранения Место хранения Шифр хранения Штрих-код Статус экземпляра
Книга 26.10.2013 РНБ (Садовая) РНБ (Садовая) Русский книжный фонд -Главное здание, Ленинский читальный зал 36-8/906 6925015-10